Bretton Woods revisited (Record no. 36114)

MARC details
000 -LEADER
fixed length control field 00814nam a2200217 a 4500
008 - FIXED-LENGTH DATA ELEMENTS--GENERAL INFORMATION
fixed length control field 120416s1972 ||||||||||||||||| || u
020 ## - INTERNATIONAL STANDARD BOOK NUMBER
International Standard Book Number 0333135865
050 ## - LIBRARY OF CONGRESS CALL NUMBER
Classification number HG 3811 Bre
100 ## - MAIN ENTRY--PERSONAL NAME
Personal name Acheson, A.L. Keith
245 10 - TITLE STATEMENT
Title Bretton Woods revisited
Statement of responsibility, etc. edited by A.L. Keith Acheson
246 ## - VARYING FORM OF TITLE
Title proper/short title evaluation of the IMF and the International Bank for Reconstruction and Development
260 ## - PUBLICATION, DISTRIBUTION, ETC.
Place of publication, distribution, etc. London
Name of publisher, distributor, etc. Macmillan
Date of publication, distribution, etc. 1972
300 ## - PHYSICAL DESCRIPTION
Extent xxiv, 141 p.
350 ## - PRICE (NR) (BK AM CF MU VM SE) [OBSOLETE]
Price 0.00
650 ## - SUBJECT ADDED ENTRY--TOPICAL TERM
Topical term or geographic name entry element INTERNATIONAL FINANCIAL--CONGRESSES
650 ## - SUBJECT ADDED ENTRY--TOPICAL TERM
Topical term or geographic name entry element INTERNATIONAL MONETARY FUND
650 ## - SUBJECT ADDED ENTRY--TOPICAL TERM
Topical term or geographic name entry element WORLD BANK
700 ## - ADDED ENTRY--PERSONAL NAME
Personal name Prachowny, Martin F.J
700 ## - ADDED ENTRY--PERSONAL NAME
Personal name Chant, John F.C
995 ## - RECOMMENDATION 995 [LOCAL, UNIMARC FRANCE]
-- 0.00
-- CBU-MAIN LIBRARY (Kitwe)
-- 1
-- 8.80
-- 1
-- AVAILABLE
-- Main Library Open Access Collection
Holdings
Withdrawn status Lost status Source of classification or shelving scheme Damaged status Not for loan Home library Current library Shelving location Date acquired Total Checkouts Full call number Barcode Date last seen Price effective from Koha item type
          CBU-MAIN LIBRARY, KITWE. CBU-MAIN LIBRARY, KITWE.   11/30/2022   HG 3811 Bre 007733 11/30/2022 11/30/2022 MONOGRAPH